[Event "Titled Tuesday intern op 05th Sep Early"]
[Site "Chess.com INT"]
[Date "2023.09.05"]
[Round "4"]
[White "Aakanksha, Hagawane"]
[Black "Sipila, Vilka"]
[Result "1-0"]
[WhiteElo "2149"]
[BlackElo "2435"]
[PlyCount "77"]
[EventDate "2023.09.05"]
[EventType "swiss (blitz)"]
[EventRounds "11"]
[EventCountry "USA"]
[SourceTitle "EXT 2024"]
[Source "ChessBase"]
[SourceDate "2023.10.10"]
[SourceVersion "1"]
[SourceVersionDate "2023.10.10"]
[SourceQuality "1"]

1. e4 d5 2. exd5 Qxd5 3. Nc3 Qa5 4. d4 Nf6 5. Nf3 Bf5 6. Bc4 e6 7. Qe2 Bb4 8. Bd2 c6 9. 0-0 0-0 10. Ne5 Nbd7 11. a3 Bxc3 12. Bxc3 Qc7 13. f4 Nxe5 14. fxe5 Nd5 15. Bd2 Bxc2 16. Bxd5 exd5 17. Bb4 Be4 18. Bxf8 Rxf8 19. b4 Qb6 20. Rad1 Re8 21. Qf2 Re7 22. h3 h6 23. Qf4 a5 24. bxa5 Qxa5 25. e6 fxe6 26. Qf8+ Kh7 27. Qxe7 Qc3 28. Qxe6 Qc2 29. Qg4 b5 30. Rc1 Qd2 31. Rxc6 Qxd4+ 32. Kh2 Qd2 33. Rc8 Qb2 34. Rff8 Qe5+ 35. Qg3 Qxg3+ 36. Kxg3 d4 37. h4 d3 38. h5 d2 39. Rh8# 1-0